000 00943nac a22002897a 4500
001 BR9504598
003 BR-BrBNA
005 20240105121637.0
008 230509b bl.|||m| |||| 00| 0 por d
040 _aBR-BrBNA
_bpor
_cBiblioteca Nacional de Agricultura
072 _aL73; L70
090 _a5212 BR9504598
110 1 _aSecretaria Nacional de Defesa Agropecuaria, Brasilia, DF (Brasil). Secretaria de Defesa Sanitaria Vegetal
_99194
245 1 _aRelatorio de atividades - 1981 [SNAD-SDSA]
260 3 _aBrasilia, DF (Brasil):
_c1981.
300 _a96 p.
490 _aRelatorio - Sistema Nacional de Defesa Agropecuaria. Secretaria de Defesa Sanitaria Vegetal (Brazil)
_v
_x
500 _a65 tables
650 _aBovino
650 _aSuino
650 _aAve Domestica
650 _aDoenca Animal
650 _aVacina
650 _aVeterinaria
909 _a202312
_bLúcia Elande
_c55
_dLúcia Elande
942 _2AGRIS
_n0
_cMS
999 _c286532
_d286532